00660nam a22002057a 4500003001100000005001700011008004100028020001400069040003900083041000800122082001800130100002000148245006200168250001200230260004600242300004900288650005200337650004200389650002300431LK-CoMWRAF20231120130118.0231012b1993 |||||||| |||| 00| 0 eng d a06627366x aLK-CoMWRAFdLK-CoMWRAFeLK-CoMWRAF aeng a808.0427bADA aAdams, W. Royce aViewpoints : breadings worth thinking and writing about  a2nd ed. aLexington:bD.C. Heath and Company,c1993 axxiv, 449 p. : ill. ; 23 cm.bIndex included aENGLISH LANGUAGE-Rhetoric--Problems, exercises, aReport writing--Problems, exercises,  a College readers.